Conrad Freidson

Warwick A


Categories

Mythology031025102108.0000
History - American History0200205268.5022
Other0200204373.0002
Philosophy02002097106.5000
Religion0200207279.5002
History - European History0100105656.0000
Science - Physics010010110110.0000
History - Other History010110136136.0000
Literature - British Literature0100109090.0000
Literature - World Literature010010150150.0000

Buzzes

Mythologyemperors of China-542
Otherfanfiction1043
History - American HistoryPittsburgh1052
History - European Historyhats1056
ReligionHaredi Jews1072
History - American HistoryGadsden Purchase1085
ReligionPassover seder1087
Literature - British LiteratureSamuel Beckett1090
PhilosophyLegalism1097
MythologySeven Against Thebes10102